| 000 | 00678nam a2200217 a 4500 | ||
|---|---|---|---|
| 001 | BRL_842 | ||
| 005 | 20190320210923.0 | ||
| 008 | 181013s1949----u--a######---#000-0#eng-# | ||
| 041 | _aeng | ||
| 044 | _au | ||
| 050 | 4 |
_aF3429.3.C8 _b.Z56 1949 |
|
| 100 | 1 |
_aZimmern, Nathalie H. _925104 |
|
| 245 | 1 | 0 |
_aIntroduction to Peruvian costume _cby Nathalie H. Zimmern. |
| 260 |
_aBrooklyn _bThe Brooklyn Museum, The Brooklyn Institute of Arts and Sciences _c1949 |
||
| 300 |
_a[59] p. _bil., mapas _c19 cm. |
||
| 500 | _aAu980 | ||
| 650 | 1 | 4 |
_aIndígenas de América del Sur _xPrendas de vestir _zPerú _925105 |
| 650 | 1 | 4 |
_aIndumentaria _zPerú _925106 |
| 902 | _aGRL | ||
| 942 |
_2lcc _cB |
||
| 999 |
_c9654 _d9654 |
||